000 00887nam a22002415a 4500
005 20090523154632.0
008 080530s2008 ii c b 101 0 eng
010 _aENG-93685
020 _a9788131305225
_c995.00
035 _aEN-77218
037 _bDBAD / PUB
040 _adpl
_bEnglish
082 _a363.7394
100 _aMishra, S.R.
245 _aAssessment of water pollution /
_cby S.R. Mishra
260 _aNew Delhi
_bA.P.H. Publishing
_c2009
270 _a4435-35/7, Ansari Road, Daryaganj,
_bNew Delhi
_e110002
300 _axvii, 484p.
_c23cm(Hb)
500 _aIncludes references and index
651 _aWater
_xPollution
942 _2ddc
_cEN
_mMIS
_h363.7394
999 _c26733
_d26733